[Event "Belgrade"]
[Site "Belgrade"]
[Date "1993.??.??"]
[Round "1"]
[White "Khalifman, Alexander"]
[Black "Romanishin, Oleg M"]
[Result "1/2-1/2"]
[WhiteElo "2645"]
[BlackElo "2615"]
[Annotator "Khalifman,A"]
[PlyCount "124"]
[EventDate "1993.??.??"]
[EventType "tourn"]
[EventRounds "9"]
[EventCountry "YUG"]
[EventCategory "16"]
[SourceTitle "CBM 039"]
[Source "ChessBase"]
[SourceDate "1994.04.01"]
[SourceVersion "1"]
[SourceVersionDate "1994.04.01"]
[SourceQuality "1"]

1. e4 {Ernst} e5 2. Nf3 Nc6 3. Bb5 a6 4. Ba4 Nf6 5. O-O Be7 6. Re1 b5 7. Bb3 d6
8. c3 O-O 9. h3 Na5 10. Bc2 c5 11. d4 Bb7 12. d5 (12. Nbd2 cxd4 13. cxd4 exd4
14. Nxd4 Re8 $13) 12... Nc4 (12... Bc8 13. b3 $14) 13. b3 Nb6 14. a4 (14. Nbd2
g6 15. Nf1 Nh5 16. Bh6 Re8 $13 {Vasiukov,E-Romanishin,O Vrsac 1989}) 14... Bc8
(14... c4 15. bxc4 Nxc4 16. Na3 $1 Qc7 17. Nxc4 Qxc4 18. Qd3 $1 $14 {Khalifman,
A-Beliavsky,A Reykjavik 1991}) (14... bxa4 $6 15. bxa4 a5 16. Na3 $1 Ba6 (16...
Nfd7 {Ernst} 17. c4 Nb8 18. Bd2 Na6 19. Bxa5 Nb4 20. Bxb6 Qxb6 21. Nb5 $16 {
Svensson,B-Jansson,J/Oslo-B/1992/}) 17. Be3 Nfd7 18. Rb1 $16 {Gelfand,
B-Nikolic,P Sarajevo m (7) 1991}) 15. Be3 $5 (15. Nbd2 g6 (15... Bd7 {Ernst}
16. a5 $1 Nc8 17. b4 c4 18. Nf1 g6 19. Bh6 Re8 20. Ng3 Bf8 21. Bg5 h6 22. Be3
Nh7 23. Qd2 h5 24. Ng5 $16 {Hjartarson,J-Nikolic,P/Biel (izt)/1993/}) 16. a5 (
16. Qe2 $5 Bd7 17. a5 Nc8 18. Nf1) 16... Nbd7 17. Nf1 Nh5 18. Bh6 Re8 19. Qd2
Bf6 $10 {Peng Xiaomin-Romanishin,O Luzern WchT 1993}) (15. a5 Nbd7 16. c4 $6 b4
17. Nbd2 g6 18. Nf1 Nh5 19. Bh6 Ng7 $5 $15 {Beliavsky,A-Romanishin,O Reggio
Emilia 1991}) 15... Qc7 (15... Bd7 $6 16. Nxe5 $1 dxe5 17. d6 $14) (15... g6
16. Nbd2 Bd7 (16... Nh5 17. b4 $1 $14) 17. a5 Nc8 18. Nf1 Nh5 19. b4 $14) (
15... Ne8 {Ernst} 16. Na3 Bd7 17. axb5 axb5 18. b4 Qc7 $10 {Almasi,Z-Gabriel,C/
Altensteig/1993/}) 16. Nbd2 g6 17. Qe2 Bd7 18. a5 $1 {N} (18. axb5 axb5 19. Bd3
Rfb8 20. Rxa8 Nxa8 21. Ra1 Qc8 $10 {Dolmatov,S-Romanishin,O Polanica Zdroj 1993
}) 18... Nc8 19. Nf1 Nh5 20. b4 $14 Bf6 (20... c4 21. Ng3 $1 $16) 21. Qd2 Bg7
22. Ng3 $1 (22. bxc5 dxc5 23. d6 $1 Qc6 (23... Nxd6 $2 24. Red1 $18) (23... Qd8
24. Qd5 $1 Rb8 25. Qxc5 $16) 24. Rad1 Rd8 $1 $13) 22... Nf4 (22... Nxg3 23.
fxg3 f6 (23... f5 $2 24. exf5 gxf5 25. Bh6 $16) 24. g4 $16) 23. Rac1 Qd8 (23...
cxb4 24. cxb4 Qd8 25. Bb1 $16) 24. Bxf4 $1 (24. bxc5 dxc5 (24... Qxa5 $6 25. c6
Be8 26. Ra1 Qc7 27. c4 $1 $16) 25. Bxf4 (25. Bxc5 Re8 $44) 25... exf4 26. Qxf4
Qxa5 $1 (26... Bxc3 27. e5 $40) 27. e5 Nb6 $1 $13) (24. bxc5 $5 $16 {Ernst})
24... exf4 25. Qxf4 Bxc3 26. bxc5 f6 (26... Bxe1 27. Rxe1 dxc5 (27... f6 28. c6
Be8 29. Qd2 $1 $16) 28. e5 $40) 27. c6 Be8 28. Red1 Qxa5 29. Nd4 Bb2 (29...
Bxd4 30. Rxd4 $16) 30. Rb1 Bxd4 31. Rxd4 Qc3 32. Qd2 (32. Rd2 $6 g5 33. Qe3
Qxe3 34. fxe3 Bg6 $13) 32... Qxd2 33. Rxd2 $16 Nb6 34. Bd3 Bf7 35. Ne2 Na4 36.
Nd4 $2 {T} (36. Bc2 $1 Nc5 (36... Nb6 37. Nc3 Nc4 38. Rd4 $16) 37. Nc3 $16)
36... Rfe8 37. f3 (37. Rc1 b4 $13) 37... f5 $1 38. exf5 (38. Kf2 Nc3 39. Re1
fxe4 40. fxe4 Rf8 $1 $13) 38... Nc3 39. Rc1 Nxd5 40. fxg6 hxg6 41. c7 (41. Bxb5
axb5 42. Nxb5 Re7 $1 43. Nxd6 Be6 $10) 41... Rac8 42. Bxb5 (42. Rc6 Nb4 43.
Rxd6 Nxd3 44. Rxd3 Rxc7 45. Rxa6 (45. Ra3 b4 46. Raxa6 Rb7 $10) 45... Rd7 46.
Ra1 b4 (46... Red8 47. Rad1 b4 48. R3d2 $1) 47. Rad1 Rb8 $10) 42... axb5 43.
Nxb5 Re7 44. Kh2 Nxc7 45. Rxd6 Be8 46. Nxc7 Rcxc7 47. Rxc7 Rxc7 $10 48. Kg3 Rc2
49. h4 Kg7 50. Re6 Bb5 51. Rb6 Bd3 (51... Bf1 52. Rb1 Rxg2+ (52... Bxg2 53. Rg1
$10) 53. Kh3 Rf2+ 54. Kg3 $10) 52. Rd6 Bf5 53. Rb6 Kh6 54. Rd6 Bc8 55. Rb6 Ra2
56. Rb8 Be6 57. Rb4 Rd2 58. Re4 Bb3 59. Rb4 Bd1 60. Rb6 Ra2 61. Rd6 Be2 62. Kf4
Ra4+ 1/2-1/2

[Event "Belgrade"]
[Site "Belgrade"]
[Date "1993.??.??"]
[Round "4"]
[White "Beliavsky, Alexander G"]
[Black "Khalifman, Alexander"]
[Result "1/2-1/2"]
[WhiteElo "2635"]
[BlackElo "2645"]
[Annotator "Khalifman,A"]
[PlyCount "85"]
[EventDate "1993.??.??"]
[EventType "tourn"]
[EventRounds "9"]
[EventCountry "YUG"]
[EventCategory "16"]
[SourceTitle "CBM 039"]
[Source "ChessBase"]
[SourceDate "1994.04.01"]
[SourceVersion "1"]
[SourceVersionDate "1994.04.01"]
[SourceQuality "1"]

1. e4 c5 2. Nf3 d6 3. d4 cxd4 4. Nxd4 Nf6 5. Nc3 g6 6. Be3 Bg7 7. f3 O-O 8. Qd2
Nc6 9. O-O-O d5 10. exd5 Nxd5 11. Nxc6 bxc6 12. Bd4 e5 13. Bc5 Re8 14. Ne4 f5
15. Nd6 Bf8 16. Bb5 $1 (16. Nxe8) (16. Bc4) (16. c4) 16... Bd7 (16... cxb5 17.
Qxd5+ Be6 18. Qxe5 Bg7 19. Qe3 Qa5 20. Nxe8 Bxb2+ 21. Kxb2 Qxa2+ 22. Kc1 $18)
17. Rhe1 $1 (17. c4 e4 $5 $13) 17... Re6 (17... Qb8 18. Nxe8 Bxc5 (18... Qxb5
19. Bxf8 Kxf8 20. Nc7 $18) 19. Bc4 $18) 18. Nb7 Qc7 (18... Qf6 19. Bc4 $16) 19.
Ba6 Bc8 (19... Rb8 20. Bxf8 Kxf8 (20... Qb6 21. Ba3 $1 $18) 21. Nc5 $16) 20.
Bxf8 Bxb7 21. Bxb7 Qxb7 (21... Rxf8 22. Bxc6 $1 $18) 22. Ba3 $16 a5 23. b3 $5
a4 24. Bb2 axb3 25. axb3 Rae8 26. c4 $6 (26. g3 $1 $16) 26... Nf6 27. Kc2 Qf7
28. Qc3 h6 $1 29. Re2 Kh7 30. Red2 Qe7 31. Qa5 g5 $1 32. Rd8 Rxd8 33. Rxd8 (33.
Qxd8 Qxd8 34. Rxd8 g4 $13) 33... Kg6 34. h3 $6 f4 $1 (34... e4 $2 35. g4 $1 $16
) 35. Qd2 e4 $1 36. fxe4 Rxe4 37. Qd3 Kf7 38. Bxf6 Kxf6 39. Rd6+ Re6 $10 40.
Qd4+ Kf5 41. Qd3+ Kf6 42. Qd4+ Kf5 43. Qd3+ 1/2-1/2

[Event "Belgrade"]
[Site "Belgrade"]
[Date "1993.??.??"]
[Round "5"]
[White "Khalifman, Alexander"]
[Black "Kotronias, Vasilios"]
[Result "1-0"]
[WhiteElo "2645"]
[BlackElo "2590"]
[Annotator "Boensch,U"]
[PlyCount "67"]
[EventDate "1993.??.??"]
[EventType "tourn"]
[EventRounds "9"]
[EventCountry "YUG"]
[EventCategory "16"]
[SourceTitle "CBM 039"]
[Source "ChessBase"]
[SourceDate "1994.04.01"]
[SourceVersion "1"]
[SourceVersionDate "1994.04.01"]
[SourceQuality "1"]

1. e4 {Ftacnik} c5 2. Nf3 d6 3. d4 cxd4 4. Nxd4 Nf6 5. Nc3 Nc6 6. Bg5 e6 7. Qd2
a6 8. O-O-O h6 9. Be3 Qc7 10. f3 Rb8 11. Kb1 {! Ftacnik} (11. g4 Ne5 12. h4 b5
13. Qg2 (13. Rg1 {Ftacnik} g6 14. g5 hxg5 15. hxg5 Nfd7 16. b3 Nc5 17. Bxb5+ $5
axb5 18. Ndxb5 Ncd3+ $1 19. Kb1 Qd7 $17 {Arakhamia,K-Kotronias,V/Heraklio/1993/
}) 13... b4 (13... Bb7 $1 $146 14. g5 hxg5 15. hxg5 Rxh1 16. Qxh1 Nfd7 17. f4
Nc4 18. g6 Nxe3 19. gxf7+ Kxf7 20. Qh5+ Ke7 21. Qh3 e5 $1 $17 {Anand,V-Shirov,
A Linares (06) 1993 r 64}) 14. Nb1 Nc4 $2 (14... Bb7) 15. Bxc4 Qxc4 16. g5 Nd7
17. b3 Qc7 18. g6 $40 {Anand,V-Shirov,A (2) Paris Immopar (25') (2) 1992 1-0 44
}) 11... Ne5 $6 $146 {? Ftacnik} (11... Be7 12. Bd3 Nxd4 13. Bxd4 b5 14. Qf2 e5
15. Ba7 Rb7 16. Be3 Be6 17. g4 Qa5 18. h4 b4 19. Nd5 Nxd5 20. exd5 Qxd5 21. b3
$44 {Oll,L-Shirov,A (1) Wijk m (3) 1993 1-0 40}) 12. f4 $1 Ned7 (12... Nc4 13.
Bxc4 Qxc4 14. e5 $16) (12... Neg4 {Ftacnik} 13. e5 $1 Nxe3 (13... dxe5 14. fxe5
Qxe5 15. Bf4) 14. Qxe3 Nd7 15. exd6 Bxd6 16. Ndb5 $18) 13. e5 $1 Ng4 (13...
dxe5 14. fxe5 Nxe5 15. Bf4 $16) 14. exd6 Qxd6 (14... Bxd6 $2 15. Ndb5 $18) 15.
Be2 Nxe3 16. Qxe3 Qe7 (16... Nf6 17. f5 $1 $16 (17. Ndb5 Qc5 $14)) 17. Rhe1 $16
h5 (17... Nf6 18. g4 $40) 18. Bf3 Rh6 19. Nf5 $1 $18 exf5 20. Qf2 Re6 21. Rxe6
Qxe6 (21... fxe6 $4 22. Bxh5+ Kd8 23. Qb6#) 22. Re1 Nf6 23. Nd5 $1 Kd7 (23...
Nxd5 24. Bxd5 Qe7 25. Rxe7+ Bxe7 26. Qb6 $18) (23... Ne4 {Ftacnik} 24. Bxe4
fxe4 25. Nc7+) 24. Rxe6 fxe6 25. Nb6+ Kc7 26. Qe3 Bd7 27. Nc4 b6 28. Qe5+ Kc8
29. Nd6+ Bxd6 (29... Kc7 {Ftacnik} 30. Nb5+) 30. Qxd6 Ne4 31. Bxe4 fxe4 32. Kc1
e3 33. Kd1 Rb7 34. Qf8+ (34. Qf8+ Kc7 35. Qxg7 $18) 1-0

[Event "Belgrade"]
[Site "Belgrade"]
[Date "1993.??.??"]
[Round "6"]
[White "Damljanovic, Branko"]
[Black "Khalifman, Alexander"]
[Result "0-1"]
[WhiteElo "2570"]
[BlackElo "2645"]
[Annotator "Horn,Pe"]
[PlyCount "76"]
[EventDate "1993.??.??"]
[EventType "tourn"]
[EventRounds "9"]
[EventCountry "YUG"]
[EventCategory "16"]
[SourceTitle "CBM 039"]
[Source "ChessBase"]
[SourceDate "1994.04.01"]
[SourceVersion "1"]
[SourceVersionDate "1994.04.01"]
[SourceQuality "1"]

1. g3 d5 2. Bg2 c6 3. d3 Nf6 4. Nf3 Bg4 5. O-O Nbd7 6. Nbd2 e5 7. e4 Bd6 8. h3
Bh5 9. Qe1 O-O 10. Nh4 Re8 11. Nb3 (11. f4 exf4 12. gxf4 dxe4 13. dxe4 Nd5 14.
Nc4 Bc5+ 15. Kh1 N7b6 16. Ne5 Nb4 17. Nf5 $14 {Kir.Georgiev-Torre/Saint John
op/1988}) (11. Nf5 Bf8 12. Nf3 (12. f4 dxe4 13. dxe4 Bg6 14. Nxg7 Bxg7 15. f5
Bh6 16. fxg6 hxg6 17. Nc4 Bxc1 18. Rxc1 Qe7 19. b4 $14 {Nesterov-Gretarsson/
Groningen/1993}) 12... Nc5 13. N3h4 a5 (13... dxe4 14. dxe4 Qb6 15. b3 Qa6 {
/\ Be2} 16. g4 Bg6 17. Bg5 Nfd7 18. Bf3 $13 {Seeman-De Boer/Groningen/1991}) (
13... Ne6 14. Kh1 Qc7 15. f4 dxe4 16. dxe4 Rad8 17. Be3 Bc5 18. Qf2 $14 {
Lazic-Luther/München/1992}) 14. Rb1 $6 Ne6 15. g4 Bg6 16. Bd2 Nf4 $132 {
Botterill-Hodgson/Bath/1987}) 11... a5 12. a4 Nc5 (12... dxe4 13. dxe4 Nc5 (
13... Bf8 14. Bd2 b6 15. Bc3 Nc5 16. Nxc5 Bxc5 17. Nf3 Bd4 18. Bxd4 Bxf3 19.
Bc3 Bxg2 20. Kxg2 Qe7 21. Qe3 c5 22. Rfd1 $14 {Damljanovic-Kir.Georgiev/Reggio/
1988}) 14. Nxc5 Bxc5 15. Bg5 {->game}) 13. Nxc5 Bxc5 14. Bg5 dxe4 15. dxe4 Re6
16. Bf3 $146 (16. Nf5 $2 Qb6 17. b3 Bb4 18. c3 Bf8 19. Rb1 Nd7 20. Qd2 Nc5 21.
Qc2 f6 22. Be3 Qc7 23. g4 Bf7 24. Rfd1 Ree8 25. Bf1 Be6 26. Rd2 g6 27. Ng3 Qf7
$15 {Hartoch-Davies/Leeuwarden/1993}) 16... Bxf3 17. Nxf3 Qc7 18. Kg2 Nd7 19.
Qe2 (19. Be3 Qb6) 19... Ree8 20. Rfd1 Nf8 21. Bd2 (21. Be3 Ne6 $10) 21... Ne6
22. c3 f6 23. Be1 Bf8 24. Nd2 {/\ Nc4} Red8 25. f3 Qf7 26. Bf2 Bc5 27. Nc4 (27.
Qc4 $2 Rxd2 28. Rxd2 Nf4+ $19) 27... Bxf2 28. Kxf2 (28. Qxf2 $2 Nf4+ 29. gxf4
Qxc4 $17) 28... Qe7 29. Nb6 Rxd1 30. Rxd1 Rd8 (30... Qc5+ $2 31. Qe3 Qxe3+ 32.
Kxe3 Rd8 33. Rxd8+ Nxd8 34. Nc4 $16) 31. Ke1 (31. Rxd8+ Qxd8 32. Nc4 (32. Qe3
Qd1) 32... Nc5 $17) 31... Rxd1+ 32. Qxd1 (32. Kxd1 $4 Qd8+ $19) 32... Qc5 33.
Nc8 (33. Qb3 $1 $10 Kf7 34. Nc8) 33... Qg1+ 34. Ke2 $2 (34. Kd2 Qxg3 (34...
Qg2+ $2 35. Kc1) 35. Qb3 Qxh3 36. Nd6) 34... Qg2+ 35. Ke3 Qxb2 $1 36. Qd7 Qxc3+
37. Ke2 (37. Kf2 Qd4+ $19) 37... Nd4+ 38. Kf1 Qxf3+ (38... Qxf3+ 39. Kg1 (39.
Ke1 Qe2#) 39... Ne2+ 40. Kh2 Qf2+ 41. Kh1 Nxg3#) 0-1

[Event "Belgrade"]
[Site "Belgrade"]
[Date "1993.??.??"]
[Round "7"]
[White "Khalifman, Alexander"]
[Black "Hodgson, Julian M"]
[Result "1/2-1/2"]
[WhiteElo "2645"]
[BlackElo "2625"]
[Annotator "Glatman,V"]
[PlyCount "94"]
[EventDate "1993.??.??"]
[EventType "tourn"]
[EventRounds "9"]
[EventCountry "YUG"]
[EventCategory "16"]
[SourceTitle "CBM 039"]
[Source "ChessBase"]
[SourceDate "1994.04.01"]
[SourceVersion "1"]
[SourceVersionDate "1994.04.01"]
[SourceQuality "1"]

1. e4 d6 2. d4 Nf6 3. Nc3 g6 4. Nf3 Bg7 5. Be2 c5 6. d5 (6. dxc5 Qa5) 6... O-O
7. O-O e6 8. Nd2 (8. dxe6 Bxe6 9. Be3 $5 Nc6 10. Qd2 $14) 8... exd5 9. exd5
Nbd7 10. Nc4 (10. a4 Nb6 11. Bf3 Bd7 12. a5 Nc8 13. Ra3 $1 Rb8 14. Nc4 b5 15.
axb6 axb6 16. Bf4 Qc7 17. Ra6 $1 Ne8 18. Ra2 b5 $10 {Zajd,L-Ionescu,Co/Sofia/
1988/ Inf 46/73/}) 10... Nb6 11. Ne3 Ne8 $5 {Hodgson/} (11... Bd7 12. a4 a6 13.
Re1 (13. a5 Nc8 14. Nc4 Bb5 15. Bg5 h6 16. Bh4 Re8 {Petursson,M-Cseshkovsky,V/
Palma de Mallorca/1989/} 17. Re1 $5 $10) 13... Re8 14. Bf3 Qc7 15. Bd2 a5 {
Ftacnik,L-Gdanski,J/Stara Zagora (zt)/1990/} 16. b3 c4 17. Rc1 Qc5 18. Be2 Ne4
$1 $13 {Gdanski/}) 12. a4 f5 13. f4 (13. a5 Nd7 14. Nc4 Ne5 $10) 13... Nd7 14.
a5 Ndf6 15. h3 $146 (15. Nc4 $5 Bd7) (15. Bf3 Nc7 16. Nc4 Rb8 17. Be3 b5 18.
axb6 axb6 $10 {Rozentalis,E-Hodgson,J/Rakvere/1993/ 0,5 (45)/}) 15... h5 (15...
Nc7 16. g4 Bd7 17. g5 $14) 16. Nc4 Nc7 (16... Bd7 $5 17. Be3 Rb8 18. Qd2 b5 19.
axb6 axb6 $13) 17. Be3 Nfe8 18. Qd3 Bd7 19. Rfe1 Rb8 20. Nd2 Nf6 $6 (20... b5
21. axb6 axb6 22. Nf3 b5 $15) 21. Bf3 Re8 (21... b5 $5) 22. Bf2 Rxe1+ 23. Rxe1
Qf8 24. Nc4 $14 Bh6 25. Qd2 b5 26. axb6 axb6 27. b4 $1 b5 (27... cxb4 28. Na2
b5 29. Nb6 $16) 28. Na5 $6 (28. Nb2 $5 c4 (28... cxb4 29. Na2 $14) 29. Bd4 $16)
28... cxb4 29. Ne2 (29. Na2 $6 Ra8 30. Qxb4 $8 Ncxd5 31. Qd2 Qf7 $17) 29... Qf7
30. Nc6 Re8 31. Nxb4 Ne4 32. Bxe4 Rxe4 $15 33. c3 Ne8 34. Bh4 Nf6 35. Bg5 $5
Bg7 $6 (35... Bxg5 $5 36. fxg5 Nh7 {/\Qe7=/+/}) 36. Rd1 Re8 37. Bxf6 $8 Qxf6
38. Nd4 $10 Qe7 39. Qd3 Qe3+ 40. Qxe3 Rxe3 41. Nbc6 $1 (41. Rc1 $2 Rxc3 42.
Rxc3 Bxd4+ $19) 41... Rxc3 42. Nxb5 Rc5 43. Nxd6 Bf8 (43... Bxc6 44. dxc6 Rxc6
$10) 44. Ne5 (44. Nb7 Bxc6 45. dxc6 (45. Nxc5 Bxc5+ 46. Kh1 Bd7 $17)) 44... Ba4
45. Ra1 Bxd6 46. Rxa4 Bxe5 47. fxe5 Rxd5 1/2-1/2

[Event "Belgrade"]
[Site "Belgrade"]
[Date "1993.??.??"]
[Round "8"]
[White "Mozetic, Dejan"]
[Black "Khalifman, Alexander"]
[Result "0-1"]
[WhiteElo "2580"]
[BlackElo "2645"]
[Annotator "Chekhov,V"]
[PlyCount "77"]
[EventDate "1993.??.??"]
[EventType "tourn"]
[EventRounds "9"]
[EventCountry "YUG"]
[EventCategory "16"]
[SourceTitle "CBM 039"]
[Source "ChessBase"]
[SourceDate "1994.04.01"]
[SourceVersion "1"]
[SourceVersionDate "1994.04.01"]
[SourceQuality "1"]

1. d4 Nf6 2. c4 e6 3. Nc3 Bb4 4. Qc2 O-O 5. a3 Bxc3+ 6. Qxc3 b6 7. Bg5 c5 8.
dxc5 (8. Nf3 cxd4 9. Nxd4 Ba6 $10) 8... bxc5 9. e3 (9. Nf3 Nc6 10. e3 h6 11.
Bh4 g5 12. Bg3 Ne4 13. Qc2 f5 14. O-O-O Qf6 $13 {Georgiev,Kir-Smagin,S/
Dortmund/1991/ 0,5 (41) Inf 51/551/}) 9... d6 (9... Bb7 10. f3 h6 11. Bh4 Nc6 (
11... a5 $5) 12. O-O-O $1 {Hjartarsson,J-Speelman,J/Reykjavik/1991/ 1:0 (27)
Inf 52/556/} Ne4 $8 13. Qe1 g5 14. Bg3 Nxg3 15. Qxg3 $14) (9... Nc6 10. Bd3 Rb8
11. Ne2 (11. Nf3 $5) 11... Qa5 $1 $10 {Nogueiras,J-Van Der Wiel,J/Thessaloniki
(ol)/1988/ 0,5 (30) Inf 46/753/}) 10. f3 (10. Nh3 Nbd7 11. O-O-O h6 12. Bh4 Ne4
$5 13. Bxd8 Nxc3 14. bxc3 Rxd8 15. Rxd6 Bb7 16. f3 Nb6 17. Rxd8+ Rxd8 18. Be2
Ba6 19. Rd1 $10 {Maric,A-Galliamova,A/Borzhomi(ct)/1990/ Inf 50/575/}) (10. Bd3
Nbd7 11. Ne2 Bb7 12. O-O a5 13. Qc2 h6 14. Bh4 a4 15. Nc3 $16 {Foisor,O-Smagin,
S/Nimes/1991/ 1:0 (41) Inf 51/550/}) 10... Nbd7 11. Nh3 Rb8 12. O-O-O h6 13.
Bf4 (13. Bh4 Ne4 $1 14. Qe1 Qb6 $17) 13... e5 14. Bg3 Rb6 15. Bd3 Ba6 16. Rd2
Qc7 17. Bc2 Rfb8 18. b3 Bc8 19. Rhd1 Ne8 (19... Nf8 $5) 20. f4 $6 (20. Nf2 $5)
20... e4 $1 21. f5 $6 (21. Nf2 f5 22. Bh4 Ndf6 23. h3 $13) 21... Ndf6 22. Rf1
Bd7 23. Bh4 R8b7 24. Nf4 Qb8 25. Ne2 a5 26. a4 Rxb3 $1 $17 27. Bxb3 Rxb3 28.
Qa1 (28. Qc2 Qb4) 28... Qb4 29. Rc2 Ra3 30. Qb2 Qxa4 31. Nc3 $6 (31. Bxf6 Nxf6
32. Qb8+ Kh7 33. Kd2 Rb3 34. Qxd6 Qb4+ 35. Nc3) 31... Qxc4 32. Qxa3 Qxf1+ 33.
Kb2 a4 $19 34. Bxf6 Nxf6 35. Qa2 Qd3 36. Qb1 d5 37. Ka2 d4 38. Qb8+ Kh7 39. Rb2
0-1

[Event "Seville op"]
[Site "Seville"]
[Date "1993.??.??"]
[Round "9"]
[White "Khalifman, Alexander"]
[Black "Komljenovic, Davorin"]
[Result "1-0"]
[WhiteElo "2630"]
[BlackElo "2475"]
[Annotator "Bulletin"]
[PlyCount "85"]
[EventDate "1993.01.??"]
[EventType "swiss"]
[EventRounds "10"]
[EventCountry "ESP"]
[SourceTitle "CBM 038"]
[Source "ChessBase"]
[SourceDate "1994.02.01"]
[SourceVersion "1"]
[SourceVersionDate "1994.02.01"]
[SourceQuality "1"]

1. d4 Nf6 2. Nf3 g6 3. c4 Bg7 4. Nc3 d5 5. cxd5 Nxd5 6. e4 Nxc3 7. bxc3 c5 8.
Rb1 O-O 9. Be2 cxd4 10. cxd4 Qa5+ 11. Bd2 Qxa2 12. O-O b6 13. Qc1 Qe6 (13...
Bb7) 14. Bc4 Qd7 (14... Qxe4 15. Re1 Qb7 16. Bb4 Be6 17. Rxe6 fxe6 18. Ng5 Nc6
19. Nxe6 Kh8 20. Bc3 $36 {Kibalnichenko-Sorokin/corr/1990/}) 15. Ne5 Bxe5 16.
dxe5 Ba6 17. e6 fxe6 18. Bh6 Bxc4 19. Rd1 Qc7 20. Bxf8 Kxf8 21. Rd4 Nd7 22.
Rxc4 Nc5 23. Qg5 Kg7 24. e5 h6 25. Qg3 Qd7 26. h4 h5 27. Rf4 Qd5 28. Qg5 Re8
29. Rf3 Qe4 30. Rd1 a5 31. Kh2 (31. Rd8 Qe1+ 32. Kh2 Ne4 33. Qf4 Rxd8 34. Qf7+
Kh6 35. Qxe7 Qd2 36. Rf7 Rh8 37. Rh7+ Rxh7 38. Qf8+ Rg7 39. Qh8+ Rh7 40. Qf8+)
31... Qg4 32. Rb1 Nd7 33. Qxg4 hxg4 34. Rc3 Rb8 35. Rb5 Kh6 36. Rc6 a4 37. Rc7
Rd8 38. Ra7 g5 39. Rxa4 gxh4 40. Rxg4 Rf8 41. Rxh4+ Kg5 42. Kg3 Rxf2 43. Rd4
1-0

[Event "Ter Apel"]
[Site "Ter Apel"]
[Date "1993.??.??"]
[Round "1"]
[White "Hansen, Curt"]
[Black "Khalifman, Alexander"]
[Result "1/2-1/2"]
[WhiteElo "2610"]
[BlackElo "2630"]
[Annotator "Hertneck,G"]
[PlyCount "64"]
[EventDate "1993.03.??"]
[EventType "tourn"]
[EventRounds "5"]
[EventCountry "NED"]
[EventCategory "14"]
[SourceTitle "CBM 035"]
[Source "ChessBase"]
[SourceDate "1993.08.01"]
[SourceVersion "1"]
[SourceVersionDate "1993.08.01"]
[SourceQuality "1"]

1. c4 c6 2. Nc3 d5 3. d4 Nf6 4. Nf3 dxc4 5. a4 Bf5 6. e3 e6 7. Bxc4 Bb4 8. O-O
Nbd7 9. Nh4 O-O 10. h3 (10. Qb3 Qb6 11. h3 Rad8 12. Rd1 Be4 $6 (12... Bg6 $13)
13. Nxe4 Nxe4 14. Qc2 $14 {Karpov,A-Salov,V/Linares/1991}) 10... Rc8 $146 (
10... Be4 $6 11. Nxe4 Nxe4 12. Nf3 {/\ Qc2 +/=}) (10... Bg6 11. Nxg6 hxg6 12.
Qc2) 11. Qb3 Qb6 12. Nxf5 exf5 13. Rd1 Bd6 14. Qxb6 (14. Qc2 {is more ambitious
}) 14... Nxb6 15. Bb3 Nbd5 $1 16. Bd2 h5 17. Rac1 Rfe8 18. Nxd5 Nxd5 19. Kf1
Kf8 20. Rc2 Rcd8 (20... Ke7 21. Rdc1 Kd7 $13) 21. Bxd5 cxd5 22. Rdc1 Ke7 23.
Rc3 Ke6 24. Ke2 Rd7 25. Kd3 Ree7 26. Rc8 Rc7 27. R1xc7 Rxc7 $10 28. Re8+ Kd7
29. Ra8 a6 30. Rh8 g6 31. f3 Rc8 32. Rxc8 Kxc8 (32... Kxc8 33. e4 fxe4+ 34.
fxe4 dxe4+ 35. Kxe4 Kd7 36. Kd5 f6 $10) 1/2-1/2

[Event "Ter Apel"]
[Site "Ter Apel"]
[Date "1993.??.??"]
[Round "2"]
[White "Khalifman, Alexander"]
[Black "Nijboer, Friso"]
[Result "1-0"]
[WhiteElo "2630"]
[BlackElo "2505"]
[Annotator "Ftacnik,L"]
[PlyCount "57"]
[EventDate "1993.03.??"]
[EventType "tourn"]
[EventRounds "5"]
[EventCountry "NED"]
[EventCategory "14"]
[SourceTitle "CBM 035"]
[Source "ChessBase"]
[SourceDate "1993.08.01"]
[SourceVersion "1"]
[SourceVersionDate "1993.08.01"]
[SourceQuality "1"]

1. d4 Nf6 2. Nf3 g6 3. c4 Bg7 4. Nc3 O-O 5. e4 d6 6. Be2 e5 7. O-O Nc6 8. d5
Ne7 9. Nd2 a5 10. a3 Nd7 11. Rb1 f5 12. b4 Nf6 13. c5 $1 (13. f3 c6 $5) 13...
axb4 (13... f4 14. cxd6 cxd6 15. Nc4 axb4 16. Rxb4 g5 17. Nb6 Ra5 18. Bb2 Ng6
19. Qb3 Rf7 20. Nxc8 Qxc8 21. Rb6 Bf8 22. Na2 Rc5 23. f3 Rg7 24. a4 $13 {
Mueller,A-Haider,B/Finkenstein op/1992/}) 14. axb4 Kh8 (14... Bh6 15. f3 dxc5
$6 16. bxc5 Be3+ 17. Kh1 Bxc5 18. Nc4 $40) (14... fxe4 15. Ndxe4 Bf5 16. f3 Kh8
17. g4 Bd7 18. Kh1 Nxe4 19. Nxe4 Ba4 20. Qd2 dxc5 21. d6 cxd6 22. Nxd6 cxb4 23.
Qxb4 Nd5 24. Nxb7 $15 {Berebora,F-Walthon,J/Balatonbereny op (01)/1992/}) 15.
f3 Nh5 (15... g5 16. Nc4 f4 17. Ba3 Ne8 18. b5 b6 19. cxb6 cxb6 20. Na4 Rb8 21.
g4 fxg3 22. hxg3 Ng6 23. Bc1 h5 24. Be3 $14 {Beckhuis,G-Van der Vorm,T/Biel op
(01)/1992/}) (15... Bh6 16. Nc4 Neg8 17. Bb2 Ne8 18. b5 b6 19. cxb6 cxb6 20.
Na4 Ngf6 21. Kh1 Rb8 22. Bd3 Kg8 23. Bc1 Bxc1 24. Qxc1 $14 {Dautov,R-Ubilava,E/
URS-sf Daugavpils/1989/}) (15... Neg8 16. Nc4 Ne8 (16... f4 17. cxd6 cxd6 18.
b5 Ne8 19. b6 g5 20. Nb5 Rf6 21. Ba3 Rg6 22. Qc1 g4 23. fxg4 Nh6 24. h3 $16 {
Terzic,S-Mueller,W/Bayern-chB (02)/1991/}) 17. Be3 f4 18. Bf2 Qg5 19. Kh1 Qh5
20. cxd6 Nxd6 21. Nxd6 cxd6 22. Nb5 Rf6 23. Nc7 Ra2 24. Ne8 $14 {Schroll,
G-Petschar,K/OST-BL 89/90 (248)/1990/}) 16. Nc4 Ng8 (16... Nf4 17. Be3 (17. b5
$5 dxc5 18. b6 $44) 17... g5 18. b5 dxc5 19. Bxc5 $16 (19. b6 c6 $1 20. Bxc5
cxd5 21. Nxd5 Nexd5 22. exd5 Rf6 23. Nxe5 Nxe2+ 24. Qxe2 $13 {Khalifman,
A-Dolmatov,S/Moscow 25'/1992/1-0 (41)})) 17. b5 $1 (17. Be3 Nf4 18. Kh1 Nf6 19.
Qc2 g5 20. Ra1 Rxa1 21. Rxa1 g4 22. Ra8 gxf3 23. gxf3 N6h5 24. cxd6 $13 {
Bonin,J-Gonzalez Garcia,J/New York op (3)/1993/}) 17... b6 (17... dxc5 18. b6
$16) 18. cxd6 cxd6 19. Be3 Rb8 20. Na4 Bh6 (20... Ngf6 21. Bxb6 Qe7 22. Na5 $16
) 21. Bxb6 $1 (21. Qd2 Bxe3+ 22. Qxe3 Nf4 $13) (21. Bf2 Nf4 22. Bxb6 Qg5 $13)
21... Rxb6 22. Naxb6 Be3+ 23. Nxe3 Qxb6 24. Rb3 f4 25. Qc1 Bd7 26. Kh1 fxe3 (
26... Qd8 27. Re1 $1 (27. Nc4 $2 Ng3+ 28. hxg3 fxg3 $19) 27... fxe3 28. Qxe3
Nf4 29. Bf1 $18) 27. Qxe3 Qxe3 (27... Qd8 28. g3 $18) 28. Rxe3 Nf4 29. Rb1 1-0

[Event "Ter Apel"]
[Site "Ter Apel"]
[Date "1993.??.??"]
[Round "3"]
[White "Van Wely, Loek"]
[Black "Khalifman, Alexander"]
[Result "1/2-1/2"]
[WhiteElo "2560"]
[BlackElo "2630"]
[Annotator "Ftacnik,L"]
[PlyCount "36"]
[EventDate "1993.03.??"]
[EventType "tourn"]
[EventRounds "5"]
[EventCountry "NED"]
[EventCategory "14"]
[SourceTitle "CBM 035"]
[Source "ChessBase"]
[SourceDate "1993.08.01"]
[SourceVersion "1"]
[SourceVersionDate "1993.08.01"]
[SourceQuality "1"]

1. d4 Nf6 2. c4 g6 3. Nc3 d5 4. Nf3 Bg7 5. Bf4 O-O 6. Rc1 dxc4 7. e4 (7. e3)
7... c5 (7... Bg4 8. Bxc4 Bxf3 9. Qxf3 Nc6 10. d5 Nd4 11. Qd3 Nd7 12. O-O c5 $1
$13) 8. dxc5 Qa5 9. e5 Rd8 10. Bd2 Ng4 11. Bxc4 Nc6 $5 12. Nb5 Rxd2 $1 13. Qxd2
Qxd2+ 14. Nxd2 (14. Kxd2 Bh6+) 14... Ngxe5 15. O-O Bf5 16. Rcd1 Bc2 17. Rc1 Bf5
18. Rcd1 Bc2 $13 1/2-1/2